Family Feud #2 - Statistics

General Stats
  • This quiz has been taken 72 times
    66 since last reset
  • The average score is 2 of 5
Answer Stats
Hint Answer % Correct
10 Swim
97%
3 Tan
67%
2 Relax
24%
1 Build Sandcastle
17%
1 Sports
5%
No matching quizzes found
Score Distribution
Percent of People with Each Score
Percentile by Number Answered
Your Score History
You have not taken this quiz since the last reset